Statistics for Servetifünun Edebiyatı Eser-Yazar Eşleştirme

Click here to take the quiz!

General Stats

  • This quiz has been taken 857 times
  • The average score is 15 of 25

Answer Stats

EserYazar% Correct
Aşk-ı MemnuHalit Ziya Uşaklıgil
93%
Mai ve SiyahHalit Ziya Uşaklıgil
86%
EylülMehmet Rauf
86%
Rübab-ı ŞikesteTevfik Fikret
77%
ŞerminTevfik Fikret
77%
Hac YolundaCenap Şahabettin
68%
SisTevfik Fikret
68%
Elhan-ı ŞitaCenap Şahabettin
63%
Kırk YılHalit Ziya Uşaklıgil
61%
Siyah İncilerMehmet Rauf
61%
Mezardan SeslerHalit Ziya Uşaklıgil
58%
Saray ve ÖtesiHalit Ziya Uşaklıgil
58%
Kırık HayatlarHalit Ziya Uşaklıgil
58%
ŞıpsevdiHüseyin Rahmi Gürpınar
58%
ŞıkHüseyin Rahmi Gürpınar
53%
Edebiyat ve HukukHüseyin Cahit Yalçın
51%
Kuyrukluyıldız Altında Bir İzdivaçHüseyin Rahmi Gürpınar
51%
Genç Kız KalbiMehmet Rauf
51%
HalasMehmet Rauf
51%
Tarih-i KadimTevfik Fikret
51%
GulyabaniHüseyin Rahmi Gürpınar
50%
MürebbiyeHüseyin Rahmi Gürpınar
49%
FalakaAhmet Rasim
42%
İffetHüseyin Rahmi Gürpınar
40%
Ferda-yı GaramMehmet Rauf
39%

Score Distribution

Percentile by Number Answered

Percent of People with Each Score

Your Score History

You have not taken this quiz